| 000 | 00604cam a22002172 4500 | ||
|---|---|---|---|
| 999 |
_c18472 _d18472 |
||
| 001 | 0000000517 | ||
| 003 | OSt | ||
| 005 | 20200813110421.0 | ||
| 008 | 070207s xx 000 0 eng d | ||
| 020 | _a18854792539 | ||
| 040 |
_aKABU _cKABU |
||
| 050 | 0 |
_aDT433.584 _b.M67 1998 c.1 |
|
| 100 | 1 | _aMorton, Andrew. | |
| 245 | 1 | 0 |
_aMoi : _bthe making of an African statesman. |
| 260 |
_aLondon : _bMichael O' Mara Books, _c1998. |
||
| 300 | _aviii, 216p. | ||
| 600 | 1 | 0 |
_aMoi, Dainel T. arap _xBiography. |
| 908 | _a070207 | ||
| 942 |
_2lcc _cAFRI |
||